Welcome to the Holygrace Academy Library

Please use search bar below to get started

OBJECTIVE CHEMISTRY ORAGANIC CHEMISTRY (Record no. 705)

MARC details
000 -LEADER
fixed length control field 00296nam a22001217a 4500
082 ## - DEWEY DECIMAL CLASSIFICATION NUMBER
Classification number 540
Item number KAP/OV2
100 ## - MAIN ENTRY--AUTHOR NAME
Personal name P.N.KAPIL
245 ## - TITLE STATEMENT
Title OBJECTIVE CHEMISTRY ORAGANIC CHEMISTRY
Remainder of title CLASS XII
260 ## - PUBLICATION, DISTRIBUTION, ETC. (IMPRINT)
Place of publication DELHI
Name of publisher S.DINESH & CO
300 ## - PHYSICAL DESCRIPTION
Number of Pages 971
650 ## - SUBJECT ADDED ENTRY--TOPICAL TERM
Topical Term CHEMISTRY FOR CLASS XII
Geographic subdivision INDIA
942 ## - ADDED ENTRY ELEMENTS (KOHA)
Koha item type Books
Holdings
Withdrawn status Lost status Collection code Home library Current library Shelving location Date acquired Source of acquisition Full call number Accession Number Koha item type
    Reference Main Library Main Library SHELF 9 D PLUS 2 CHEMISTRY 22/05/2009 purchase 540 KAP/OV2 04572 Books
    Reference Main Library Main Library SHELF 9 D PLUS 2 CHEMISTRY 02/05/2017 purchase 540 KAP/OV2 10003 Books